The economy of Ghana : (Record no. 3795)
[ view plain ]
| 000 -LEADER | |
|---|---|
| fixed length control field | 00777cam a22002294a 4500 |
| 001 - CONTROL NUMBER | |
| control field | 15745574 |
| 005 - DATE AND TIME OF LATEST TRANSACTION | |
| control field | 20250210194530.0 |
| 008 - FIXED-LENGTH DATA ELEMENTS--GENERAL INFORMATION | |
| fixed length control field | 090520r20082007enka b 001 0 eng d |
| 020 ## - INTERNATIONAL STANDARD BOOK NUMBER | |
| International Standard Book Number | 9781847010032 |
| 020 ## - INTERNATIONAL STANDARD BOOK NUMBER | |
| International Standard Book Number | 1847010032 (hbk.) |
| 020 ## - INTERNATIONAL STANDARD BOOK NUMBER | |
| International Standard Book Number | 9789988626822 (pbk.) |
| 020 ## - INTERNATIONAL STANDARD BOOK NUMBER | |
| International Standard Book Number | 9988626827 (pbk.) |
| 050 00 - LIBRARY OF CONGRESS CALL NUMBER | |
| Classification number | HC1060 |
| Item number | .E28 2008 |
| 082 04 - DEWEY DECIMAL CLASSIFICATION NUMBER | |
| Classification number | 330.966705 |
| Edition information | 22 |
| 245 04 - TITLE STATEMENT | |
| Title | The economy of Ghana : |
| Remainder of title | analytical perspectives on stability, growth & poverty / |
| Statement of responsibility, etc. | editors, Ernest Aryeetey & Ravi Kanbur. |
| 260 ## - PUBLICATION, DISTRIBUTION, ETC. | |
| Place of publication, distribution, etc. | Oxford : |
| Name of publisher, distributor, etc. | James Currey ; |
| Place of publication, distribution, etc. | Accra, Ghana : |
| Name of publisher, distributor, etc. | Woeli Publishing Services, |
| Date of publication, distribution, etc. | 2008. |
| 300 ## - PHYSICAL DESCRIPTION | |
| Extent | 424 p. : |
| Other physical details | ill. ; |
| Dimensions | 23 cm. |
| 500 ## - GENERAL NOTE | |
| General note | Originally published: 2007. |
| 700 1# - ADDED ENTRY--PERSONAL NAME | |
| Personal name | Aryeetey, Ernest, |
| Dates associated with a name | 1955- |
| 700 1# - ADDED ENTRY--PERSONAL NAME | |
| Personal name | Kanbur, S. M. Ravi. |
| 942 ## - ADDED ENTRY ELEMENTS (KOHA) | |
| Source of classification or shelving scheme | Library of Congress Classification |
| Koha item type | Books |
| Suppress in OPAC | No |
| 999 ## - | |
| -- | 3795 |
| -- | 3795 |
| Withdrawn status | Lost status | Source of classification or shelving scheme | Damaged status | Not for loan | Collection | Home library | Current library | Shelving location | Date acquired | Total checkouts | Full call number | Barcode | Date last seen | Copy number | Price effective from | Koha item type |
|---|---|---|---|---|---|---|---|---|---|---|---|---|---|---|---|---|
| Library of Congress Classification | Non-fiction | Business Library (Miotso) | Business Library (Miotso) | General stacks | 02/10/2025 | HC1060 .E28 2008 | BSSM00000775 | 02/10/2025 | 1 | 02/10/2025 | Books | |||||
| Library of Congress Classification | Non-fiction | Business Library (Miotso) | Business Library (Miotso) | General stacks | 02/10/2025 | HC1060 .E28 2008 | BSSM00000776 | 02/10/2025 | 2 | 02/10/2025 | Books |